Agenda Civil Federal 2018

Detalles Bibliográficos
Formato: eBook
Lenguaje:español
Publicado: Ciudad de Mx̌ico: Ediciones Fiscales ISEF, 2018
Materias:
Acceso en línea:Acceso restringido

MARC

LEADER 00000nam a22000007a 4500
005 2018102803013.0
007 cr|||| ||||
008 181028s2018 mx |||||s|||| 00||0 spa d
020 |a 978-607-406-940-2 
035 |a 22165 
040 |a vLex 
090 |c 8201  |d 8201 
245 1 0 |a Agenda Civil Federal 2018  |h [Recurso electrn̤ico] / 
256 |a Servicio en ln̕ea 
260 |a Ciudad de Mx̌ico:  |b Ediciones Fiscales ISEF,  |c 2018 
300 |a 1 recurso electrn̤ico 
506 1 |a Disponible solo en los productos indicados  |d vLex Global  |d vLex Global (Academic Edition, excluding Law Schools)  |d vLex Global (U.S. Academic Edition, Law Schools)  |d vLex Global (U.S. Academic Edition, excluding Law Schools)  |d vLex Global (Academic Edition, Law Schools) 
650 0 4 |a Derecho Civil  |z Mx̌ico 
650 0 4 |a Procedimiento Contencioso-Administrativo  |z Mx̌ico 
650 0 4 |a Procedimiento Civil  |z Mx̌ico 
740 0 |a vLex Libros (Servicio en ln̕ea) 
856 4 0 |u http://vlex.com/source/agenda-civil-federal-2018-22165  |z Acceso restringido 
942 |c BOOK 
999 0 |a Civil Law 
999 0 |a Contentious-Administrative Procedure 
999 0 |a Civil Procedure